|
|
|
|
| LEADER |
00000nam0a2200000 4500 |
| 001 |
376837 |
| 005 |
20250204111712.0 |
| 035 |
|
|
|a (RuTPU)RU\TPU\retro\34279
|
| 035 |
|
|
|a RU\TPU\retro\34274
|
| 090 |
|
|
|a 376837
|
| 100 |
|
|
|a 20230118d1898 k y0engy50 ba
|
| 101 |
0 |
|
|a eng
|
| 102 |
|
|
|a US
|
| 105 |
|
|
|a af z 001zy
|
| 200 |
1 |
|
|a Geology of the Aspen mining district, Colorado, wiht atlas
|f J. E. Spurr, S. F. Emmons
|g Department of the Interior
|
| 210 |
|
|
|a Washington
|c Governmext Printing Office
|d 1898
|
| 215 |
|
|
|a XXXV, 260 p.
|c il.
|
| 225 |
1 |
|
|a Monographs of the United States Geological Survey
|v Vol. 31
|
| 320 |
|
|
|a Index: p. 257-260
|
| 606 |
1 |
|
|a Рудные месторождения
|x Геология прикладная
|2 stltpush
|3 (RuTPU)RU\TPU\subj\25970
|9 50000
|
| 610 |
1 |
|
|a рудничная геология
|
| 610 |
1 |
|
|a геологические изыскания
|
| 610 |
1 |
|
|a горные породы
|
| 610 |
1 |
|
|a полезные ископаемые
|
| 610 |
1 |
|
|a серебряные руды
|
| 610 |
1 |
|
|a добыча
|
| 610 |
1 |
|
|a скальные образования
|
| 610 |
1 |
|
|a минералы
|
| 610 |
1 |
|
|a рудники
|
| 610 |
1 |
|
|a геологические процессы
|
| 610 |
1 |
|
|a земная кора
|
| 610 |
1 |
|
|a геологические исследования
|
| 610 |
1 |
|
|a штат Колорадо
|
| 610 |
1 |
|
|a Америка
|
| 610 |
1 |
|
|a США
|
| 610 |
1 |
|
|a английский язык
|
| 610 |
1 |
|
|a Коллекция кафедры общей геологии
|
| 675 |
|
|
|a 622.142
|v 4
|
| 700 |
|
1 |
|a Spurr
|b J. E.
|g Josian Edward
|
| 701 |
|
1 |
|a Emmons
|b S. F.
|g Samuel Franklin
|
| 712 |
0 |
2 |
|a Department of the Interior
|
| 801 |
|
1 |
|a RU
|b 63413507
|c 20230117
|
| 801 |
|
2 |
|a RU
|b 63413507
|c 20230313
|g RCR
|
| 942 |
|
|
|c BK
|